000
00328nam a22001337a 4500
008
170927b xxu||||| |||| 00| 0 eng d
020
_a
9780495906438
041
_a
eng
080
_a
37
100
_a
46
101
_a
EDU
245
_a
CONSTANCE STALEY FOCUS ON COMMUNITY COLLEGE SUCCESS
_c
STALEY.C
942
_2
udc
_c
BK
999
_c
30126
_d
30126